| 000 | 00884nam a22002652 4500 | ||
|---|---|---|---|
| 001 | 0000020121 | ||
| 005 | 20151217155907.0 | ||
| 008 | 110704s xx 000 0 eng d | ||
| 040 |
_aKABU _cKABU |
||
| 100 | 1 |
_aVan Der Walt, A J. _@0000180208 |
|
| 245 | 1 | 0 |
_aProperty rights, land rights, and environmental rights. / _cA. J. Van Der Walt. |
| 250 | _a1st ed. | ||
| 300 | _app. 455-477. | ||
| 500 | _aPhotocopy. | ||
| 650 | 0 |
_aProperty. _@0000150011 |
|
| 650 | 0 |
_aLand tenure. _@0000180209 |
|
| 650 | 0 |
_aAdaptation (Biology) _@0000052033 |
|
| 908 | _a110704 | ||
| 950 | _@1 | ||
| 999 |
_c13786 _d13786 |
||